00641nam a2200193 a 4500008004100000020002800041050001500069100002100084245009400105250001200199260004900211300002200260350000900282500002600291650002400317650001800341700002300359856006500382120620s2002 ||||||||||||||||| || u a0122577663 (alk. paper) aQK 717 Fit aHay, Robert K. M10aEnvironmental physiology of plants. (3rd ed.)cby Alastair H. Fitter and Robert K. M. Hay a3rd ed. aSan Diego, California:bAcademic Pressc2002 axii, 367p.: ill.  a0.00 aIncludes bibliography 0aPLANT ECOPHYSIOLOGY 0aPLANT ECOLOGY aFitter, Alastair H uhttp://www.loc.gov/catdir/description/els031/2001090353.html